阪急線沿線の大学 - Statistics

General Stats
  • This quiz has been taken 80 times
  • The average score is 11 of 41
Answer Stats
運営 最寄り駅 Answer % Correct
国立 六甲 神戸大学
94%
国立 石橋阪大前・北千里 大阪大学
94%
私立 関大前・千里山・天神橋筋六丁目 関西大学
79%
私立 西宮北口・仁川・甲東園 関西学院大学
75%
公立 大阪梅田 大阪公立大学
69%
私立 岡本 甲南大学
60%
公立 王子公園・神戸三宮 兵庫県立大学
53%
私立 神戸三宮 神戸学院大学
49%
私立 大阪梅田 大阪工業大学
43%
私立 大阪梅田・宝塚南口 宝塚大学
38%
私立 茨木市 追手門学院大学
38%
私立 芦屋川 芦屋大学
32%
私立 岡本 甲南女子大学
32%
私立 上新庄 大阪経済大学
32%
私立 大宮 龍谷大学
32%
私立 夙川 大手前大学
29%
私立 正雀 大阪学院大学
26%
私立 相川 大阪成蹊大学
21%
私立 宝塚・宝塚南口 甲子園大学
18%
私立 庄内 大阪音楽大学
16%
私立 石橋阪大前・北千里・茨木市 梅花女子大学
16%
私立 箕面・池田 大阪青山大学
16%
私立 高槻市 大阪医科大学
15%
私立 六甲 神戸松蔭大学(2025年3月までは神戸松蔭女子学院大学)
15%
私立 塚口 園田学園大学(2025年3月までは園田学園女子大学)
12%
私立 中津・川西能勢口 宝塚医療大学
10%
私立 富田 藍野大学
9%
私立 西院 京都外国語大学
7%
私立 北千里 千里金蘭大学
7%
私立 大阪梅田 兵庫医科大学
6%
私立 王子公園 神戸海星女子学院大学
6%
私立 富田 大阪薬科大学
6%
私立 岡本 神戸薬科大学
4%
私立 伊丹 大阪観光大学
4%
私立 正雀 大阪人間科学大学
4%
私立 神戸三宮・花隈 関西国際大学
3%
私立 神戸三宮 日本経済大学
3%
私立 西京極 京都光華女子大学
3%
私立 門戸厄神 神戸学院女子大学
0%
私立 高槻市 平安女学院大学
0%
私立 松尾 京都嵯峨芸術大学
0%
No matching quizzes found
Score Distribution
Percent of People with Each Score
Percentile by Number Answered
Your Score History
You have not taken this quiz